Oeuvres choisies de Guillaume de Saint-Thierry
Saved in:
| Format: | Bog |
|---|---|
| Sprog: | fransk |
| Udgivet: |
París
Aubier
1944
|
| Serier: | Bibliothèque Philosophique
|
| Fag: | |
| Tags: |
Tilføj Tag
Ingen Tags, Vær først til at tagge denne postø!
|
MARC
| LEADER | 00000nam a2200000 a 4500 | ||
|---|---|---|---|
| 001 | UCZ3907 | ||
| 003 | CL-VaPUC | ||
| 008 | 951027e19440000FR |||||||||||||||||fre|d | ||
| 082 | 0 | 4 | |a 230 |b OEU |2 21 |
| 245 | 1 | 0 | |a Oeuvres choisies de Guillaume de Saint-Thierry |
| 300 | |a 277 p | ||
| 942 | |c BK | ||
| 945 | |d 19951027 00:00:00 |a lriquelm | ||
| 260 | |a París |b Aubier |c 1944 | ||
| 600 | 0 | 7 | |a SAINT-THIERRY, GUILLAUME |2 CL-VaPUC |9 347758 |
| 650 | 0 | |a Teología |9 258766 | |
| 650 | 0 | |a Creencia Religiosa |9 316904 | |
| 650 | 7 | |a DOCTRINAS RELIGIOSAS |2 CL-VaPUC |9 337177 | |
| 650 | 7 | |a FILOSOFIA BELGA |2 CL-VaPUC |9 347759 | |
| 583 | |a last modification |c 19951027 00:00:00 |k Rodrigo Vera | ||
| 490 | 0 | |a Bibliothèque Philosophique | |
| 999 | |c 240350 |d 240348 | ||
| 952 | |0 0 |1 0 |4 0 |6 230_000000000000000_OEU_1944 |7 0 |8 P |9 252189 |a BIBEDU |b BIBEDU |c BIBEDU_PB |d 2019-11-18 |i 159169K |o 230 OEU 1944 |p 159169K |r 2024-01-25 |w 2019-11-18 |y BK |k FIL | ||